| 000 | 00471nam a22001577a 4500 | ||
|---|---|---|---|
| 005 | 20251108165432.0 | ||
| 008 | 250721s1973 xx 000 0 ara d | ||
| 082 | 1 | 4 | _aم/811.008/سعي |
| 100 | 1 | _aإبن سعيد المغربي، علي بن موسى | |
| 245 | 1 | 0 | _aالمرقصات و المطربات / |
| 264 | 1 |
_aبيروت : _bدار حمد و محيو، _c1973. |
|
| 300 | _a287ص | ||
| 650 | 1 | 7 | _aالشعر العربي |
| 942 |
_2ddc _cREF |
||
| 999 |
_c27857 _d27857 |
||